A ginástica de aparelhos nas escolas (Registo nº 202053)

Detalhes MARC
000 -Etiqueta do registo
Valores 00487nam 22001693 4500
100 ## - Dados gerais de processamento
Dados gerais 20260506d u||y0pory50 ba
200 ## - Titulo e menção de responsabilidade
Título próprio A ginástica de aparelhos nas escolas
Informação de outro título (crianças dos 6 aos 11 anos)
Primeira menção de responsabilidade Karl Koch
210 ## - Publicação
Local de publicação Lisboa
Nome do editor Compendium
Data de publicação [19--?]
215 ## - Descrição física 
Paginação / Volumes 204, [1] p.
Outras indicações físicas brochado
Dimensões 24 cm
606 ## - Nome comum usado como assunto
ID Autoridade 2185
Palavra de ordem Desporto
675 ## - CDU
Notação 79
Edição PT
Língua por
700 ## - Autor principal (pessoa individual)
ID Autoridade 17246
Apelido Koch
Nome Karl
801 ## - Fonte de origem
País PT
Agência BMMN
Regras de catalogação RPC
830 ## - Notas gerais do catalogador
Criado por Fernando
Indexado por Fernando
990 ## - Elementos KOHA
Tipo de documento Livro
Exemplares
Situação do levantamento Biblioteca de origem Código de barras Cota Permissão de empréstimo Tipo de documento Forma de aquisição
  Biblioteca Municipal de Montemor-o-Novo 31468 79 KOC|DEP   Livro Compra

Powered by Koha